| 000 | 00884nam a2200277Ia 4500 | ||
|---|---|---|---|
| 003 | OSt | ||
| 005 | 20221006153658.0 | ||
| 006 | a|||||r|||| 00| 0 | ||
| 007 | ta | ||
| 008 | 221006b |||||||| |||| 00| 0 eng d | ||
| 020 | _a9780939512935 | ||
| 024 | _a33,030 | ||
| 037 |
_bgift, Japan Foundation _cAnnuals, Advances |
||
| 040 |
_aEASL _cEASL _beng |
||
| 041 |
_2eng _aeng |
||
| 082 | _aQ6v42.M, N9 | ||
| 100 |
_aAizan Yamaji Au. _9664916 |
||
| 245 | 0 |
_aEssays on the modern Japanese Church _bChristianity in Meiji Japan |
|
| 260 |
_aMichigan _bThe University of Michigan _c1999 |
||
| 300 |
_aviii,196p. _ccm. |
||
| 490 |
_v JEL _aMichiganmonographseriesinJapanesestudies N27 |
||
| 650 | _a JEL | ||
| 650 |
_aJapan church history _9648233 |
||
| 942 |
_hQ6v42.M, N9 _cREF _2CC |
||
| 999 |
_c1101116 _d1101116 |
||